| 000 | 01615nam a2200373 c 4500 | ||
|---|---|---|---|
| 003 | BLK | ||
| 005 | 20240604005355.0 | ||
| 008 | 180409b bul|||||r ||||||| ||bul|| | ||
| 010 | _aKNG00145466000 | ||
| 040 | _aBLK | ||
| 041 |
_aROM _cDRU |
||
| 080 |
_aБългарска литература _b821.163.2 _x-93-34 _z821.163.2-93-34 |
||
| 100 | 1 |
_aElin Pelin _eпърви автор _99429 |
|
| 700 | 1 |
_aCorbu, Paulina _ein rom. _97609 |
|
| 700 | 1 |
_aAnastasov, Stoian _eill. _9326718 |
|
| 700 |
_aЕлин Пелин _qСтоянов, Димитър Иванов _9363511 |
||
| 700 | 1 |
_aСтоянов, Димитър Иванов _e* _9365019 |
|
| 700 | 1 |
_aАнастасов, Стоян _e* _9367335 |
|
| 700 | 1 |
_aAnastasov, Stojan _e* _9376978 |
|
| 700 | 1 |
_aКорбу, Паулина _e* _9379287 |
|
| 139 |
_aElin Pelin _bЕ 44 |
||
| 245 | 1 | 0 |
_aUnchiul Peio _bПриказки _cElin Pelin; in rom. Paulina Corbu; ill. Stoian Anastasov; * Елин Пелин; * Димитър Иванов Стоянов; * Стоян Анастасов; * Stojan Anastasov; * Паулина Корбу. |
| 257 | _aBGR | ||
| 260 |
_аSofia ; Bucuresti _bBalg. hudojnik _bIon Creanga _c1980 |
||
| 300 |
_a72 с. _bс ил. _c23X25 см |
||
| 380 | _aDX | ||
| 500 | _aИстинското име на авт. е Димитър Иванов Стоянов. - Ориг. загл. Чичо Пейо. - 50 120 тир. | ||
| 852 | _aЦб 260762 | ||
| 856 | 4 |
_qpdf _u |
|
| 856 | 4 |
_qpdf _u |
|
| 942 |
_cKNG _n0 |
||
| 944 |
_aCR _c10.07.2013 _lCRON CRON _k |
||
| 944 |
_aED _c10.07.2013 _l10.07.2013 - от С1,Р / 10.07.2013 _k |
||
| 999 |
_c139422 _d139422 |
||